Фінансовий облік (Запис № 362394)

МАРК-запис
000 -Лідер
fixed length control field 00680nam a22002297a 4500
001 - Контрольний номер
control field 216219433
003 - Ідентифікатор контрольного номера
control field UA-OsUOA
005 - Дата та час останнього входження (трансакції)
control field 20201012114813.0
008 - Елементи даних фіксованої довжини – загальна інформація
fixed length control field 201012b un ||||| |||| 00| 0 ukr d
040 ## - Джерело каталогізації
Агенція оригінальної каталогізації UA-OsUOA
Мова каталогізації ukr
Агенція, яка здійснювала перезапис UA-OsUOA
Агенція, яка здійснювала модифікацію UA-OsUOA
041 ## - Код мови
Код мови тексту/ звукової доріжки чи окремого заголовка (П) ukr
080 ## - Індекс Універсальної десяткової класифікації
Індекс Універсальної десяткової класифікації (УДК) (НП) 657.1(075.8)
090 ## - Локальний шифр розміщення
Класифікаційний індекс УДК 657.1(075.8)
Авторський знак (НП) К55
100 ## - Основне введення – ім’я особи
Ім’я особи (НП) Кобилянська О. І.
245 ## - Відомості про назву
Назва (НП) Фінансовий облік
Решта назви (НП) навч. посіб.
250 ## - Відомості про видання (редакцію)
Відомості про видання (редакцію) (НП) 2-ге,виправл. і доп.
260 ## - Публікація, розповсюдження і т.п. (Вихідні дані)
Місце публікації, розповсюдження і т.п. (П) Київ
Ім’я/ наймення видавництва, розповсюджувача і т.п. (П) Знання
Дата публікації, розповсюдження і т.п. (П) 2007
300 ## - Фізичний опис
Обсяг 741 с.
650 ## - Додаткове предметне введення – тематичний термін
Джерело заголовка чи терміна UDC
942 ## - Додаткові елементи входу (Коха)
Source of classification or shelving scheme Universal Decimal Classification
Тип елемента Koha Книги
Фонди
Стан вилучень Стан втрат Джерело класифікації або схеми стелажів Стан уражень Не для кредиту Постійне місце розташування Поточне розміщення Дата придбання Джерело придбання Вартість, звичайна ціна покупки Інвентарний номер Усього замовленно Повний номер виклику Штрих-код Дата останнього перегляду Ціна ефективна від Тип елемента Koha
    Universal Decimal Classification     ЧЗ - Читальна зала ЧЗ - Читальна зала 16/06/2009 95/2009 77.00 121520   657.1(075,8) К55 121520 08/02/2022 16/06/2009 Книги
    Universal Decimal Classification     ЧЗ - Читальна зала ЧЗ - Читальна зала 15/06/2011 77/2011 98.00 133030   657.1(075.8) К55 133030 06/02/2022 15/06/2011 Книги
    Universal Decimal Classification     ЧЗ - Читальна зала ЧЗ - Читальна зала 15/06/2011 77/2011 98.00 133031   657.1(075.8) К55 133031 08/02/2022 15/06/2011 Книги